000 01424nam a2200397 i 4500
001 bg
003 KOSZ 005
005 20200910102528.0
008 080422s1961 pl a f 000 0 pol
015 _aPB 1961/2053
040 _aWA N
_cWA N
_dKOSZ 005/RW
_dKOSZ 005/HR
046 _k1961
080 _a621.9
080 _a(07)
100 1 _aBardadin, Kazimierz
_eAutor
245 1 0 _aNormalne i uniwersalne przyrządy i uchwyty do obróbki metali skrawaniem /
_cKazimierz Bardadin, Wiktor Natanson.
260 _aWarszawa :
_bPaństwowe Wydawnictwa Techniczne,
_c1961.
300 _a368 s., [2] k. tabl. :
_bil. ;
_c21 cm.
336 _2rdacontent
_aTekst
_btxt
337 _2rdamedia
_aBez urządzenia pośredniczącego
_bn
338 _2rdacarrier
_aWolumin
_bnc
380 _aKsiążki
380 _aPublikacje fachowe
388 _a1901-2000
388 _a1945-1989
504 _aBibliogr. s. 368.
521 8 _aDla techników mechaników-technologów i uczniów techników mechanicznych o kierunku technol.
650 4 _aSkrawanie
650 4 _aNarzędzia skrawające
655 4 _aPodręcznik
658 _aInżynieria i technika
700 1 _aNatanson, Wiktor
_eAutor
710 2 _aPaństwowe Wydawnictwa Techniczne
_4pbl.
856 _uhttp://koha.tu.koszalin.pl/cgi-bin/koha/opac-detail.pl?biblionumber=10822
_yKatalog online BPK
942 _2UKD
_cKS
999 _c10822
_d10822